| 000 | 00610nam a2200193Ia 4500 | ||
|---|---|---|---|
| 005 | 20260114185638.0 | ||
| 008 | 008 260114s9999 xx 000 0 eng d | ||
| 020 | _a9781474285681 | ||
| 037 | _aEBOOK | ||
| 040 |
_aCRL _beng _cCRL |
||
| 041 |
_aeng _2eng |
||
| 084 | _qCRL | ||
| 100 |
_aPeter J. Bowler _9872635 |
||
| 245 | 4 | _aThe Mendelian Revolution The Emergence of Hereditarian Concepts in Modern Science and Society | |
| 260 |
_bBloomsbury _c2015 |
||
| 856 | _uhttps://doi.org/10.5040/9781474285681?locatt=label:secondary_bloomsburyCollections | ||
| 942 | _cEBOOK | ||
| 999 |
_c1471583 _d1471583 |
||